Przystanki obsługiwane przez MZK Koszalin - Statystyki

Ogólne statystyki
  • Ten quiz został rozwiązany 58 razy
  • Średni wynik to 107 z 310
Statystyki odpowiedzi
Linia obsługująca przystanek / kierunek Nazwa przystanku % Poprawnych
2 / końcowy; 3 / Wąwozowa; 4 / końcowy;6 / końcowy; 10 / BoWiD; 12 / Chełmoniewo; 14 / Os. Morskie; 15 / Chałubińskiego; 15 / Syrenki; 16 / Os. Bukowe; 17 / Os. Bukowe; 19 / Końcowy; Dworzec PKP 02
56%
2 / Chełmoniewo; 6 / Os. Unii europejskiej;8 / Chałubińskiego; 10 / Chałubińskiego; 11 / Os. Bukowe; 14 / Os. Bukowe; 19 / Świeszyno; Dworzec PKS 02
56%
1 / Os. Bukowe; 4 / Dworzec PKP;12 / Chełmoniewo; 15 / Chałubińskiego; 16 / Os. Bukowe; 17 / Os. Bukowe; 18 / Os. Bukowe; Jana Pawła II 01
56%
1 / Łabusz; 11 / Łużycka; 14 / Os. Morskie;16 / Cmentarz; 17 / Strefa Ekonomiczna; 18 / Syrenki; 20 / Cmentarz; Os. Bukowe 01
56%
12 / Chełmoniewo; 14 / Os. Bukowe; Os. Morskie 02
56%
2 / BoWiD; 6 / Szczecińska; 8 / Łubinów; 10 / BoWiD; 11 / Łużycka; 14 / Os. Morskie; Clausiusa 01
52%
2 / Chełmoniewo; 6 / Os. Unii europejskiej;8 / Chałubińskiego; 10 / Chałubińskiego 11 / Os. Bukowe; 14 / Os. Bukowe Clausiusa 02
52%
8 / końcowy; 16 / końcowy; 20 / końcowy; Cmentarz 02
52%
8 / Chałubińskiego; 16 / Os. Bukowe; Drzymały 02
52%
2 / Chełmoniewo; 3 / Niekłonice; 4 / Wąwozowa; 6 / Os. Unii Europejskiej; 10 / Chałubińskiego; 12 / Chełmoniewo; 14 / Os. Bukowe; 15 / Chałubińskiego; 16 / Cmentarz; 17 / Os. Bukowe + Strefa Ekonomiczna; 19 / Świeszyno; Dworzec PKP 01
52%
1 / Końcowy; 11 / Końcowy; 14 / Końcowy; 16 / Końcowy; 17 / Końcowy; 18 / Końcowy; 20 / Końcowy; Os. Bukowe 02
52%
3 / Niekłonice; 12 / Szczecińska; 15 / Syrenki;16 / Cmentarz; 17 / Strefa Ekonomiczna; Podgórna 01
52%
3 / Wąwozowa; 12 / Chełmoniewo;15 / Chałubińskiego; 16 / Os. Bukowe; 17 / Os. Bukowe; Podgórna 02
52%
2 / BoWiD; 6 / Szczecińska; 8 / Łubinów; 10 / BoWiD; 11 / Łużycka; 14 / Os. Morskie; 19 / Dworzec PKP; Rynek staromiejski 01
52%
2 / Chełmoniewo; 6 / Os. Unii europejskiej;
8 / Chałubińskiego; 10 / Chałubińskiego
11 / Os. Bukowe; 14 / Os. Bukowe; | 2 / Chełmoniewo; 6 / Os. Unii europejskiej;8 / Chałubińskiego; 10 / Chałubińskiego; 11 / Os. Bukowe; 14 / Os. Bukowe;
Rynek Staromiejski 02
52%
3 / Niekłonice; 6 / Szczecińska; 12 / Szczecińska; 15 / Syrenki; 16 / Cmentarz; 17 / Strefa Ekonomiczna; Sikorskiego 01
52%
1 / Os. Bukowe; 4 / Dworzec PKP; 12 / Chełmoniewo; 15 / Chałubińskiego; 16 / Os. Bukowe; 17 / Os. Bukowe; 18 / Os. Bukowe; Staszica 01
52%
6 / Os. Unii europejskiej; 12 / Chełmoniewo; Szczecińska 03
52%
3 / Niekłonice; 6 / Szczecińska; 15 / Syrenki; 16 / Cmentarz; 17 / Strefa Ekonomiczna; Wańkowicza 01
52%
1 / Łabusz + Os. Bukowe; 3 / Niekłonice;4 / Dworzec PKP; 6 / Os. Unii europejskiej + Szczecińska; 18 / Syrenki + Os. Bukowe; Wąwozowa
52%
9 / Chałubińskiego; 19 / Dworzec PKP; 1 Maja 01
48%
2 / Chełmoniewo; 6 / Os. Unii europejskiej;8 / Chałubińskiego; 10 / Chałubińskiego; 11 / os. Bukowe; 14 / Os. Bukowe; CK105 02
48%
2 / BoWiD; 6 / Szczecińska; 17 / Strefa Ekonomiczna; Dworzec PKS 01
48%
10 / BoWiD; 15 / Syrenki; Energetyków 02
48%
1 / Os. Bukowe Jamno / Przeprawa
48%
1 / Łabusz; 11 / Łużycka; 14 / Os. Morskie; 16 / Cmentarz; 17 / Strefa Ekonomiczna; 18 / Syrenki; 20 / Cmentarz; Lelewela 01
48%
2 / BoWiD; Lubiatowo 01
48%
1 / Łabusz; 9 / Seminarium; 11 / Łużycka; 14 / Os. Morskie; 16 / cmentarz; 17 / Strefa Ekonomiczna; 18 / Syrenki; Śniadeckich 01
48%
1 / Łabusz; 9 / Seminarium; 11 / Łużycka;14 / Os. Morskie; 16 / cmentarz; 17 / Strefa Ekonomiczna; 18 / Syrenki; Śniadeckich Politechnika 01
48%
8 / Łubinów; 9 / Seminarium; 10 / BoWiD;15 / Syrenki; 20 / Os. Bukowe; Szpital 01
48%
3 / Niekłonice; 12 / Szczecińska + Chełmoniewo; 15 / Syrenki; 16 / Cmentarz; 17 / Strefa Ekonomiczna; Szpital Gruźliczy 01
48%
3 / Wąwozowa; 12 / Chełmoniewo; 15 / Chałubińskiego; 16 / Os. Bukowe; 17 / Os. Bukowe; Szpital Gruźliczy 02
48%
2 / BoWiD; 12 / szczecińska; Zielona 01
48%
9 / Seminarium; 19 / Świeszyno; 1 Maja 02
44%
9 / Chałubińskiego; Biblioteka 02
44%
2 / Chełmoniewo; 10 / Chałubińskiego; 15 / Chałubińskiego; BoWiD 02
44%
8 / Końcowy; 9 / końcowy; 10 / końcowy; 15 / końcowy; 20 / Cmentarz; Chałubińskiego 02
44%
2 / BoWiD; 12 / Szczecińska; 20 / Cmentarz; Chełmoniewo 01
44%
4 / Dworzec PKP; 8 / Chałubińskiego; 16 / Os. Bukowe; 20 / Cmentarz; Cmentarz 01
44%
3 / Niekłonice; 4 / Wąwozowa; 8 / Łubinów; 11 / Łużycka; 16 / Cmentarz; Dworzec PKS 03
44%
2 / BoWiD; 12 / Chełmoniewo + szczecińska; Dzierżęcino 01
44%
14 / Os. Morskie; 12 / Szczecińska; Franciszkańska 02
44%
4 / Wąwozowa; 8 / Łubinów; 16 / Cmentarz; Gnieźnieńska 04
44%
1 / Os. Bukowe; Łabusz 02
44%
1 / Os. Bukowe; 11 / Os. Bukowe; 14 / Os. Bukowe; 16 / Os. Bukowe; 17 / Os. Bukowe; 18 / Os. Bukowe; 20 / Os. Bukowe; Lelewela 02
44%
8 / Łubinów; 11 / Łużycka; Piłsudskiego 01
44%
4 / Dworzec PKP; 10 / BoWiD; 11 / Łużycka; 12 / Chełmoniewo; 14 / Os. Morskie; Piłsudskiego 02
44%
9 / Chałubińskiego; 19 / Dworzec PKP; Połczyńska 01
44%
1 / Łabusz; 6 / Os. Unii Europejskiej; Rondo Gen. Maczka 02
44%
1 / Os. Bukowe; 9 / Chałubińskiego; 11 / Os. Bukowe; 14 / Os. Bukowe; 16 / Os. Bukowe; 17 / Os. Bukowe; 18 / Os. Bukowe; Śniadeckich 02
44%
1 / Os. Bukowe; 9 / Chałubińskiego;
11 / Os. Bukowe; 14 / Os. Bukowe;
16 / Os. Bukowe; 17 / Os. Bukowe;
18 / Os. Bukowe;
Śniadeckich Politechnika 02
44%
1 / Os. Bukowe; 9 / Chałubińskiego; 11 / Os. Bukowe; 14 / Os. Bukowe; 16 / Os. Bukowe; 17 / Os. Bukowe; 18 / Os. Bukowe; Śniadeckich Hala 02
44%
1 / Łabusz; 4 / Wąwozowa; 12 / Szczecińska;15 / Syrenki; 16 / Cmentarz; 17 / Strefa Ekonomiczna; 18 / Syrenki; Staszica 02
44%
2 / BoWiD; 12 / Szczecińska; 20 / Os. Bukowe; Św. Wojciecha 01
44%
8 / Chałubińskiego; 9 / Chałubińskiego;10 / Chałubińskiego; 15 / Chałubińskiego; 20 / Cmentarz; Szpital 02
44%
10 / Chałubińskiego; 14 / Os. Bukowe; 15 / Chałubińskiego; Urząd Skarbowy 01
44%
3 / Wąwozowa; 6 / Os. Unii Europejskiej;12 / Chełmoniewo; 15 / Chałubińskiego; 16 / Os. Bukowe; 17 / Os. Bukowe; Wańkowicza 02
44%
2 / Chełmoniewo; 12 / Chełmoniewo; 20 / Cmentarz; Zielona 02
44%
6 / Szczecińska; Biblioteka 01
40%
2 / Zakład Karny; 10 / Końcowy; 5 / Syrenki; BoWiD 01
40%
8 / Łubinów; 9 / Seminarium; 10 / BoWiD; 15 / Syrenki; 20 / Os. Bukowe; Chałubińskiego 01
40%
1 / Łabusz; Duńska Działki 02
40%
2 / Lubiatowo; 12 / Szczecińska; Dzierżęcino 02
40%
10 / BoWiD; 12 / Szczecińska; 14 / Os. Morskie; 15 / Syrenki; Energetyka 02
40%
10 / Chałubińskiego; 14 / Os. Bukowe; 15 / Chałubińskiego; Energetyków 01
40%
12 / Chełmoniewo; Franciszkańska 01
40%
9 / Chałubińskiego; 19 / Dworzec PKP; Gazownia 01
40%
2 / BoWiD; 6 / Szczecińska; 8 / Łubinów;10 / BoWiD; 11 / Łużycka; 14 / Os. Morskie; Grottgera 01
40%
2 / Chelmoniewo; 10 Chałubińskiego; 14 / Os. Bukowe; Grottgera 02
40%
12 / Chełmoniewo; 20 / Cmentarz; Jabłoniowa 02
40%
4 / Wąwozowa; 8 / Łubinów; 26 / Cmentarz; Krakusa i Wandy 01
40%
8 / Chałubińskiego; Kretomino / Agrestowa
40%
8 / Chałubińskiego; Kretomino / Kościelna
40%
1 / Os. Bukowe; 3 / Niekłonice; 4 / Dworzec PKP; 6 / Szczecińska; 18 / Os. Bukowe; Kwiatkowskiego 01
40%
1 / Łabusz; 3 / Wąwozowa; 4 / Wąwozowa; 6 / Os. Unii Europejskiej; 18 / Syrenki; Kwiatkowskiego 02
40%
2 / Lubiatowo; 12 / Szczecińska; Lubiatowska 02
40%
8 / Os. Bukowe; Łubinów
40%
4 / Dworzec PKP + Wąwozowa; 11 / Łużycka; Mec 02
40%
3 / Niekłonice + Wąwozowa; Niekłonice
40%
3 / Wąwozowa + Niekłonice; Niekłonice / Drukarnia
40%
3 / Wąwozowa; Niekłonice / Działki II
40%
3 / Wąwozowa; Niekłonice / Wieś 02
40%
6 / Szczecińska; Os. Unii Europejskiej 02
40%
8 / Chałubińskiego; 10 / Chałubińskiego; 15 / Chałubińskiego; Piłsudskiego 04
40%
9 / Seminarium; 19 / Świeszyno; Połczyńska 02
40%
4 / Wąwozowa; 8 / Łubinów; 16 / Cmentarz; Rondo Solidarności 02
40%
4 / Wąwozowa; 8 / Łubinów; 16 / Cmentarz; Samochodówka 02
40%
19 / Dworzec PKP; Świeszyno 01
40%
4 / Wąwozowa; 10 / Chałubińskiego; 12 / Szczecińska; 14 / Os. Bukowe; Traugutta 01
40%
4 / Dworzec PKP; 10 / BoWiD; 11 / Łużycka;12 / Chełmoniewo; 14 / Os. Morskie; Traugutta 02
40%
8 / Chałubińskiego; Wilkowo 01
40%
8 / Łubinów; Wilkowo 02
40%
2 / Lubiatowo; Wioska indiańska 02
40%
2 / BoWiD; Wioska Indiańska 02
40%
20 / Cmentarz; Wojska Polskiego 03
40%
4 / Dworzec PKP; 8 / Chałubińskiego; 16 / Os. Bukowe; Zajezdnia MZK 01
40%
9 / Seminarium; ZUS 01
40%
2 / Chełmoniewo; 12 / Szczecińska; Żwirki i Wigury 01
40%
9 / Chałubińskiego; 19 / Dworzec PKP; Żytnia 01
40%
6 / Os. Unii Europejskiej; Biblioteka 04
36%
17 / Os. Bukowe; Bohaterów Warszawy 01
36%
4 / Wąwozowa; 11 / Os. Bukowe; 12 / Szczecińska; 14 / Os. Bukowe; 15 / Syrenki; Budowlanka 02
36%
2 / Lubiatowo; 12 / Szczecińska; Chełmoniewo 02
36%
8 / Chałubińskiego; Cmentarz Nowy 01
36%
8 / Łubinów; Cmentarz Nowy 02
36%
8 / Os. Bukowe; Cmentarz Stary 01
36%
8 / Łubinów; Cmentarz Stary 02
36%
12 / Szczecińska; Czaplówka 01
36%
12 / Dzierżęcino; Czaplówka 02
36%
20 / Cmentarz; Dębowa 02
36%
6 / Os. Unii Europejskiej; Francuska 02
36%
1 / Łabusz; Francuska Działki 02
36%
6 / Os. Unii Europejskiej; Grecka 01
36%
6 / Szczecińska; Grecka 02
36%
1 / Os. Bukowe; 6 / Szczecińska; Holenderska 01
36%
6 / Os. Unii Europejskiej; 12 / Chełmoniewo; Jasna 01
36%
6 / Szczecińska; 12 / Szczecińska; Jasna 02
36%
6 / Szczecińska; Kościuszki 01
36%
6 / Os. Unii europejskiej; Kościuszki 02
36%
3 / Niekłonice; Lechicka 02
36%
2 / BoWiD; 12 / Chełmoniewo; Lubiatowska 01
36%
3 / Wąwozowa; 4 / Dworzec PKP; 11 / Os. Bukowe; | 3 / Wąwozowa; 4 Dworzec PKP; 11 / Os. Bukowe; Łużycka 01
36%
2 / Chełmoniewo; 12 / Szczecińska; Mieszka I Wiadukt 01
36%
2 / BoWiD; 12 / Chełmoniewo; Mieszka I Wiadukt 02
36%
2 / Chełmoniewo; 12 / Szczecińska; Miła 01
36%
2 / BoWiD; 12 / Chełmoniewo; Miła 02
36%
20 / Cmentarz; Misiowa Dolina 02
36%
2 / Chełmoniewo; 10 Chałubińskiego; 14 / Os. Bukowe; Moniuszki 02
36%
3 / Wąwozowa + Niekłonice; Niekłonice Działki / pętla
36%
4 / Wąwozowa + Dworzec PKP; 20 Cmentarz + Os. Bukowe; Paderewskiego
36%
9 / Seminarium; 20 / Os. Bukowe; Park Wodny 02
36%
9 / Chałubińskiego; 19 / Dworzec PKP; Połczyńska Szkoła 01
36%
4 / Dworzec PKP; 9 / Seminarium; 11 / Łużycka; 12 / Chełmoniewo; 14 / Os. Morskie; 15 / Chałubińskiego; Politechnika 01
36%
4 / Wąwozowa; 9 / Chałubińskiego; 11 / Os. Bukowe; 12 / Szczecińska; 14 / Os. Bukowe; 15 / Syrenki; Politechnika 02
36%
18 / Syrenki Rondo Gen. Maczka 01
36%
4 / Dworzec PKP; 8 / Chałubińskiego; 16 / Os. Bukowe; Rondo Solidarności 06
36%
4 / Dworzec PKP; 8 / Chałubińskiego; 16 / Os. Bukowe; Samochodówka 01
36%
9 / Chałubińskiego; 19 / Dworzec PKP; Sarzyno 01
36%
15 / Chałubińskiego; 17 / Os. Bukowe; Strefa Ekonomiczna 01
36%
2 / Zakład Karny; 18 / Os. Bukowe; Strefowa 02
36%
4 / Dworzec PKP; 20 / Cmentarz; Sybiraków 01
36%
17 / Os. Bukowe; Syrenki 01
36%
15 / Chałubińskiego; 17 / Strefa Ekonomiczna;18 / Os. Bukowe; Syrenki 02
36%
6 / Szczecińska; 12 / Szczecińska; Szczecińska Usługi 02
36%
9 / Seminarium; Urząd miejski 01
36%
12 / Chełmoniewo; 18 / Os. Bukowe; Urząd Skarbowy 02
36%
4 / Wąwozowa; 20 / Os. Bukowe; Wojska Polskiego 01
36%
4 / Dworzec PKP; Wojska Polskiego 02
36%
2 / BoWiD; Zielone Wzgórze 01
36%
9 / Chałubińskiego; ZUS 02
36%
2 / BoWiD; 12 / Chełmoniewo; 17 / strefa ekonomiczna; Żwirki i Wigury 02
36%
9 / Seminarium; 19 / Świeszyno; Żytnia 02
36%
1 / Łabusz; Ariadna 02
32%
8 / Chałubińskiego; 11 / os. Bukowe; Bibliotekapedagogiczna 02
32%
8 / Łubinów; Bratków 01
32%
8 / Chałubińskiego; Bratków 02
32%
20 / Os. Bukowe; Dębowa 01
32%
14 / Os. Bukowe; 18 / Syrenki; DPS 01
32%
1 / Os. Bukowe; Duńska Działki 01
32%
6 / Szczecińska; Francuska 01
32%
9 / Seminarium; 19 / Świeszyno; Gazownia 02
32%
9 / Chałubińskiego; 20 / Cmentarz; Gdańska 01
32%
12 / Szczecińska; 20 / Os. Bukowe; Gerberowa 01
32%
12 / Chełmoniewo; 20 / Cmentarz; Gerberowa 02
32%
6 / Os. Unii Europejskiej; Holenderska KTBS 01
32%
6 / Os. Unii Europejskiej; Holenderska Orlik 01
32%
6 / Szczecińska; Holenderska Orlik 02
32%
12 / Szczecińska; Jabłoniowa 01
32%
1 / Os. Bukowe; Jamno 01
32%
1 / Łabusz; Jamno 02
32%
4 / Dworzec PKP; Jednostka Wojskowa 02
32%
2 / BoWiD; Jeziorna 01
32%
19 / Dworzec PKP 02; Konikowo 01
32%
19 / Świeszyno; Konikowo 02
32%
19 / Świeszyno; Konikowo I 03
32%
19 / Świeszyno; Konikowo II 05
32%
19 / Świeszyno; Konikowo III 07
32%
19 / Dworzec PKP; Konikowo III 08
32%
8 / Łubinów; Kretomino / Porzeczkowa
32%
8 / Chałubińskiego + Bonin; Kretomino / Skrzyżowanie
32%
8 / Łubinów; Kretomino / Familijna
32%
3 / Niekłonice; 4 / Wąwozowa; Łużycka 02
32%
17 / Os. Bukowe; Mieszka I 01
32%
17 / Strefa Ekonomiczna; Mieszka I 02
32%
20 / Os. Bukowe; Misiowa Dolina 01
32%
2 / BoWiD; 10 / BoWiD; 14 / Os. Morskie; Moniuszki 01
32%
9 / Seminarium; Plac Kilińskiego 01
32%
3 / Wąwozowa; 4 / Dworzec PKP; 11 / Os. Bukowe; Powstańców Wielkopolskich 01
32%
10 / Chałubińskiego; 12 / Chełmoniewo; 15 / Chałubińskiego; 18 / Os. Bukowe; Przemysłowa 01
32%
12 / Chełmoniewo; Ptasia 02
32%
1 / Os. Bukowe; 6 / Szczecińska; 18 / Os. Bukowe; Rondo Gen. Maczka 03
32%
6 / Os. Unii Europejskiej; Sąd Okręgowy 01
32%
6 / Szczecińska; Sąd Okręgowy 02
32%
9 / Seminarium; 19 / Świeszyno; Sarzyno 02
32%
9 / Chałubińskiego; Seminarium 02
32%
2 / BoWiD; Sianowska 01
32%
4 / Wąwozowa; Słowiańska 01
32%
4 / Dworzec PKP; 11 / Łużycka; Słowiańska 02
32%
12 / Chełmoniewo; Spokojna 02
32%
1 / Os. Bukowe; Starowiejska 01
32%
19 / Świeszyno; Świeszyno 11
32%
18 / końcowy; Syrenki 03
32%
9 / Chałubińskiego; Urząd miejski 02
32%
4 / Wąwozowa; Wenedów 01
32%
4 / Dworzec PKP; 11 / Łużycka; Wenedów 02
32%
4 / Wąwozowa; 20 / Os. Bukowe; Wodna Dolina 02
32%
12 / Chełmoniewo; Zagórzyno 02
32%
1 / Os. Bukowe; Zagroda Jamneńska 02
32%
2 / Chełmoniewo; 18 / Syrenki; Zakład Karny 01
32%
2 / Końcowy; 18 / Os. Bukowe; Zakład Karny 02
32%
2 / Lubiatowo; Zielone Wzgórze 02
32%
8 / Łubinów; 10 / Chałubińskiego; 15 / Syrenki; Zubrzyckiego 01
32%
1 / Łabusz; Żyzna 02
32%
4 / Wąwozowa; 20 / Os. Bukowe ; 4 Marca 02
28%
1 / Łabusz; Aleja Europejska Ogrody 02
28%
1 / Os. Bukowe; Ariadna 01
28%
8 / Chałubińskiego; Bonin
28%
8 / Os. Bukowe + Bonin; Bonin / Szkoła
28%
10 / Chałubińskiego; 12 / Chełmoniewo; 15 / Chałubińskiego; 18 / Os. Bukowe; BoWiD Mieszkalny 01
28%
10 / BoWiD; 12 / Szczecińska; 15 / Syrenki;18 / Syrenki; BoWiD Mieszkalny 02
28%
2 / Chełmoniewo; 10 / Chałubińskiego; 15 / Chałubińskiego; BoWiD Zakłady 01
28%
2 / BoWiD; 10 / BoWiD; 15 / Syrenki; BoWiD Zakłady 02
28%
19 / Świeszyno; Chałupy 09
28%
19 / Dworzec PKP; Chałupy 10
28%
18 / Os. Bukowe; DPS 02
28%
12 / końcowy; Dzierżęcino 11
28%
12 / Szczecińska; 14 / Os. Morskie; Energetyków 04
28%
6 / Szczecińska; Fińska 01
28%
6 / Os. Unii Europejskiej; Fińska 03
28%
1 / Os. Bukowe; Francuska Działki 01
28%
8 / Łubinów; Goździków 01
28%
8 / Chałubińskiego; Goździków 02
28%
6 / Szczecińska; Holenderska KTBS 02
28%
4 / Wąwozowa; Jednostka Wojskowa 01
28%
2 / Chełmoniewo; 12 / Chełmoniewo; Kaplica Wojskowa 02
28%
19 / Dworzec PKP; Konikowo II 06
28%
2 / BoWiD; 12 / Chełmoniewo; Krawiecka 01
28%
14 / Os. Bukowe; 18 / Syrenki; Kresowian 01
28%
1 / Łabusz; Kwiatowa 02
28%
12 / Chełmoniewo; Limbowa 02
28%
2 / Zakład Karny; 15 / Strefa Ekonomiczna;17 / Strefa Ekonomiczna; 18 / Os. Bukowe; Łukasiewicza 01
28%
2 / Chełmoniewo; 15 / Chałubińskiego; 17 / Os. Bukowe; 18 / Syrenki; Łukasiewicza 02
28%
4 / Wąwozowa; Lutyków 01
28%
4 / Dworzec PKP; 11 / Łużycka; Lutyków 02
28%
3 / Wąwozowa; Ogrodnictwo 01
28%
3 / Niekłonice; Ogrodnictwo 02
28%
8 / Chałubińskiego; 11 / Os. Bukowe; Piłsudskiego Radio 02
28%
9 / Seminarium; 19 / Świeszyno; Połczyńska Szkoła 02
28%
1 / Os. Bukowe; Promowa 01
28%
12 / Szczecińska; Ptasia 01
28%
20 / Cmentarz; Ruszczyca 01
28%
20 / Os. Bukowe; Ruszczyca 02
28%
9 / Chałubińskiego; 19 / Dworzec PKP; Seminaryjna 01
28%
19 / Świeszyno; Seminaryjna 04
28%
1 / Łabusz; Starowiejska 02
28%
2 / Chełmoniewo; 18 / Syrenki; Strefowa 01
28%
19 / Dworzec PKP; Świeszyno 12
28%
2 / Chełmoniewo; 20 / Cmentarz; Św. Wojciecha 02
28%
6 / Szczecińska; 12 / Szczecińska; Szczecińska Rondo 02
28%
6 / Os. Unii Europejskiej; 12 / Chełmoniewo; Szczecińska Usługi 01
28%
10 / Chałubińskiego; 12 / Chełmoniewo; 15 / Chałubińskiego; 18 / Os. Bukowe; Urząd Celny 01
28%
10 / BoWiD; 12 / Szczecińska; 15 / Syrenki;18 / Syrenki; Urząd Celny 02
28%
4 / Dworzec PKP; 20 / Cmentarz; Wodna Dolina 01
28%
12 / Szczecińska; Zagórzyno 01
28%
18 / Syrenki; ZORD 02
28%
1 / Os. Bukowe; Żyzna 01
28%
17 / Os. Bukowe; Brzozowa 01
24%
17 / Strefa Ekonomiczna; Brzozowa 02
24%
2 / Lubiatowo; Jeziorna 02
24%
19 / Dworzec PKP; Konikowo I 04
24%
1 / Os. Bukowe; Kwiatowa 01
24%
20 / Os. Bukowe; Muzeum obrony przeciwlotniczej 01
24%
9 / Chałubińskiego; 20 / Cmentarz; Park Wodny 04
24%
1 / Jamno Przystań Promowa 02
24%
8 / Chałubińskiego; 9 / Chałubińskiego; 10 / Chałubińskiego; 15 / Chałubińskiego; 20 / Cmentarz; PWSZ 02
24%
9 / Seminarium; Seminaryjna 02
24%
8 / Łubinów; Słoneczników 01
24%
8 / Chałubińskiego; Słoneczników 02
24%
12 / Chełmoniewo; Św. Wojciecha 04
24%
10 / BoWiD; 12 / Szczecińska; 15 / Syrenki; 18 / Syrenki; Urząd Skarbowy 04
24%
2 / Sianowska; Westerplatte 01
24%
2 / Sianowska; Wiśniowa 02
24%
18 / Os. Bukowe; ZORD 01
24%
2 / BoWiD; 10 / BoWiD; 15 / Syrenki; ZORD 04
24%
12 / Chełmoniewo; Żurawia 02
24%
6 / Os. Unii Europejskiej; 12 / Chełmoniewo; ZZDW 01
24%
6 / Szczecińska; 12 / Szczecińska; ZZDW 02
24%
1 / Os. Bukowe; Aleja Europejska Ogrody 01
20%
18 / Os. Bukowe; Kresowian 04
20%
3 / Wąwozowa; Lechicka Działki 01
20%
12 / Szczecińska; Limbowa 01
20%
23 / Końcowy; Sanktuarium 01
20%
1 / Os. Bukowe; Sołecka 01
20%
18 / Os. Bukowe; Szczecińska Rondo 04
20%
1 / Os. Bukowe; Torfowa 01
20%
1 / Łabusz; Torfowa 02
20%
2 / BoWiD; Westerplatte 02
20%
1 / Os. Bukowe; Wilków Morskich 01
20%
1 / Łabusz; Wilków Morskich 02
20%
2 / BoWiD; Wrześniowa 02
20%
12 / Szczecińska; Żurawia 01
20%
2 / Lubiatowo; Żurawinowa
20%
1 / Łabusz; Farmerska 02
16%
2 / BoWiD; Żurawinowa 01
16%
1 / Os. Bukowe; Farmerska 01
12%
18 / Syrenki; Rondo Generała Maczka 01
12%
3 / Wąwozowa; Lehicka 01
4%
Nie znaleziono quizów pasujących do podanych kryteriów
Rozkład punktacji
Procent ludzi z każdym wynikiem
Percentyl według liczby udzielonych odpowiedzi
Twoja historia wyników
Nie rozwiązałeś tego quizu